Property law and practice (Record no. 111103)
[ view plain ]
| 000 -LEADER | |
|---|---|
| fixed length control field | 02992cad a2200277 4500 |
| 001 - CONTROL NUMBER | |
| control field | L151026 |
| 008 - FIXED-LENGTH DATA ELEMENTS--GENERAL INFORMATION | |
| fixed length control field | 100923s2010 xxkk f f 001 0 eng u |
| 020 ## - INTERNATIONAL STANDARD BOOK NUMBER | |
| International Standard Book Number | 9781907624087 |
| 035 ## - SYSTEM CONTROL NUMBER | |
| System control number | (Sirsi) u151026 |
| 041 0# - LANGUAGE CODE | |
| Language code of text/sound track or separate title | eng |
| 050 04 - LIBRARY OF CONGRESS CALL NUMBER | |
| Classification number | 346.410438 $2 18 |
| 100 1# - MAIN ENTRY--PERSONAL NAME | |
| Personal name | Duckworth, Neil |
| 245 00 - TITLE STATEMENT | |
| Title | Property law and practice |
| Remainder of title | 2010/2011 |
| Medium | [old edition] |
| 260 ## - PUBLICATION, DISTRIBUTION, ETC. | |
| Place of publication, distribution, etc. | Guildford |
| Name of publisher, distributor, etc. | College of Law Publishing |
| Date of publication, distribution, etc. | 2010 |
| 300 ## - PHYSICAL DESCRIPTION | |
| Extent | eBook |
| 490 #0 - SERIES STATEMENT | |
| Series statement | Legal Practice Course |
| 505 2# - FORMATTED CONTENTS NOTE | |
| Formatted contents note | Introduction to property law and practice -- Outline of a simple transaction -- Underlying land law principles ? rights and interests -- Underlying land law principles ? registered and unregistered land -- Conduct issues relevant to conveyancing -- Property taxation -- Town and country planning, building regulations and related matters -- Marketing the property and taking instructions -- Finance for the buyer -- Advising joint buyers -- Fixtures and fittings -- Surveys -- Action following instructions -- Deduction of title -- Investigation of title ? how to investigate title -- Investigation of title ? particular problems and worked examples -- Searches and enquiries before contract -- The draft contract -- Conditional contracts and options -- Looking at the contract from the buyer's point of view -- The mortgage -- The deposit -- Insurance -- Preparing to exchange -- Exchange of contracts -- The consequences of exchange -- Requisitions on title -- The transfer deed -- Pre-completion searches -- Preparing for completion -- Completion -- After completion -- Late completion -- Remedies -- Introduction to leasehold property -- The grant of a lease -- The assignment of a lease -- Drafting leases -- The landlord and tenant act 1954, part ii -- The rights of residential occupiers -- Sales of part -- New properties -- Appendix 1 National protocol for domestic freehold and leasehold property -- Appendix 2 Standard conditions of sale (fourth edition) -- Appendix 3 Standard commercial property conditions (second edition) -- Appendix 4 The law society's formulae for exchanging contracts by telephone, fax or telex -- Appendix 5 The law society's code for completion by post 1998 -- Appendix 6 Form of undertaking to discharge building society mortgages approved by the law society in conveyancing matters -- Appendix 7 The CML lenders' handbook for england and wales (last Updated 1 june 2007) |
| 520 ## - SUMMARY, ETC. | |
| Summary, etc. | This eBook provides detailed guidance on the processes involved in freehold and leasehold property transactions, covering both residential and commercial transactions. Fully revised for 2010/2011. |
| 521 ## - TARGET AUDIENCE NOTE | |
| Target audience note | Advanced |
| 650 24 - SUBJECT ADDED ENTRY--TOPICAL TERM | |
| Topical term or geographic name entry element | EBOOK |
| 651 #4 - SUBJECT ADDED ENTRY--GEOGRAPHIC NAME | |
| Geographic name | England and Wales |
| Chronological subdivision | 1543- |
| 690 ## - LOCAL SUBJECT ADDED ENTRY--TOPICAL TERM (OCLC, RLIN) | |
| Topical term or geographic name as entry element | PROPERTY-PROPERTY ACQUISITION AND DISPOSAL-CONVEYANCING |
| 700 1# - ADDED ENTRY--PERSONAL NAME | |
| Personal name | Rodell, Anne |
| 856 48 - ELECTRONIC LOCATION AND ACCESS | |
| Uniform Resource Identifier | <a href="https://www.rics.org/profession-standards/knowledge-and-information-services">https://www.rics.org/profession-standards/knowledge-and-information-services</a> |
| Public note | Digital copy archived as there is a newer edition. Please email [email protected] |
| 942 ## - ADDED ENTRY ELEMENTS (KOHA) | |
| Suppress in OPAC | 0 |
| Source of classification or shelving scheme | Dewey Decimal Classification |
| Withdrawn status | Lost status | Source of classification or shelving scheme | Damaged status | Not for loan | Home library | Current library | Shelving location | Date acquired | Total Checkouts | Full call number | Barcode | Date last seen | Copy number | Price effective from | Koha item type |
|---|---|---|---|---|---|---|---|---|---|---|---|---|---|---|---|
| Dewey Decimal Classification | Virtual | Virtual | Online | 23/09/2010 | EBOOK | 151026-2001 | 06/08/2019 | 1 | 06/08/2019 | Book |